000 00731cab a2200241 4500
001 WB3305-43
008 090401t1997 xxu||||| |||| 00| 0 eng d
035 _a(Sirsi) u39385
041 _aeng
245 _aFarmland prices
260 _c1997
350 _a0
490 _aRICS Press Release
_v(PR5.rur) 24 January 1997, (4)
520 _aThe latest "RICS Farmland Price Index" shows that farmland prices have changed little since the summer. The average price for land sold during 4Q of 1996 was £7,210 per ha.
650 _aFARMLAND MARKET
650 _aFARMLAND PRICE INDEX
650 _aLAND PRICES
650 _aRICS SURVEY
690 _aLAND
690 _aRURAL PRACTICE
942 _n0
948 _c04/03/1997
999 _c25286
_d25286